[Event "Online Olym Top DivA 2021"]
[Site "chess.com INT"]
[Date "2021.09.10"]
[Round "7.5"]
[Board "6"]
[White "Zahedifar, Anahita"]
[Black "Kiousi, Panagiota"]
[Result "1-0"]
[WhiteTitle "WFM"]
[WhiteElo "2213"]
[BlackElo "2007"]
[WhiteTeam "Iran"]
[BlackTeam "Greece"]
[WhiteFideId "12560715"]
[BlackFideId "25803476"]
[EventDate "2021.09.08"]
[EventType "team"]

1. d4 Nf6 2. c4 e6 3. Nc3 Bb4 4. Qc2 c5 5. dxc5 O-O 6. a3 Bxc5 7. Bf4 a6 8. e3
Nc6 9. Nf3 h6 10. h3 Nh5 11. Bh2 f5 12. Bd3 b6 13. O-O-O Bb7 14. Rhg1 Rc8 15. g4
fxg4 16. hxg4 Rxf3 17. gxh5 Qf8 18. Bg3 b5 19. Bh7+ Kh8 20. Rxd7 Ba8 21. Bf4
Rxf4 22. exf4 Qxf4+ 23. Kb1 Bf8 24. Be4 Ne5 25. Rdd1 Nf3 26. Bxa8 Rxa8 27. Rg6
bxc4 28. Rxe6 a5 29. Qe4 Qxe4+ 30. Rxe4 Rb8 31. Kc2 Ng5 32. Rxc4 Ne6 33. Rc6 Nc5
34. Rd5 Nb3 35. Nb5 Rxb5 36. Rd8 Kg8 37. Rcc8 Rf5 38. Kxb3 Rxf2 39. Ka4 Rf5 40.
b4 axb4 41. axb4 Rf4 42. Ka5 g6 43. hxg6 h5 44. b5 h4 45. b6 h3 46. b7 h2 47.
Rxf8+ Rxf8 48. Rxf8+ Kg7 49. Rh8 Kxh8 50. b8=Q+ Kg7 51. Qxh2 1-0

[Event "Online Olym Top DivA 2021"]
[Site "chess.com INT"]
[Date "2021.09.10"]
[Round "8.1"]
[Board "1"]
[White "Jumabayev, Rinat"]
[Black "Maghsoodloo, Parham"]
[Result "0-1"]
[WhiteTitle "GM"]
[BlackTitle "GM"]
[WhiteElo "2651"]
[BlackElo "2695"]
[WhiteTeam "Kazakhstan"]
[BlackTeam "Iran"]
[WhiteFideId "13702661"]
[BlackFideId "12539929"]
[EventDate "2021.09.08"]
[EventType "team"]

1. Nf3 d5 2. g3 c6 3. c4 Nf6 4. Bg2 Bg4 5. Ne5 Be6 6. cxd5 Bxd5 7. Nf3 c5 8. b3
e5 9. d3 Nbd7 10. O-O Bd6 11. Bb2 O-O 12. Na3 Re8 13. Nc4 Bc7 14. a4 a6 15. Qc2
Rc8 16. e4 Bc6 17. a5 Qe7 18. Ne3 Rcd8 19. Nf5 Qf8 20. Nd2 Bb5 21. Ne3 Bd6 22.
Ndc4 Nb8 23. Nd5 Nfd7 24. f4 Nc6 25. Bh3 Ndb8 26. Qf2 f6 27. Rfd1 Nb4 28. Nxd6
Qxd6 29. Nxb4 cxb4 30. fxe5 fxe5 31. d4 Qh6 32. Bf5 g6 33. Bg4 Qg5 34. Bh3 Qh6
35. Bg4 Qg5 36. Bh3 Rf8 37. Qd2 Qe7 38. d5 Bd7 39. Bxd7 Nxd7 40. Rac1 Rf3 41.
Qe2 Rdf8 42. Rf1 Rxf1+ 43. Rxf1 Qc5+ 44. Kg2 Rxf1 45. Kxf1 Qxa5 46. Qg4 Nf8 47.
Bxe5 Qa2 48. Qf3 Nd7 49. Bd4 Qd2 50. Qe3 Qxe3 51. Bxe3 Nf6 52. d6 Kf7 53. e5 Nd7
54. Bd4 Ke6 55. Ke2 a5 56. Kd3 Kd5 57. g4 b5 58. h4 h5 59. gxh5 gxh5 60. Ke3 a4
61. Ba1 Nc5 62. Bd4 Ne6 63. Ba1 Nd8 64. Kf4 Ke6 65. Ke4 Nc6 66. Kd3 Kd5 67. Bb2
Na5 68. Ba1 Nxb3 69. Bb2 a3 0-1

[Event "Online Olym Top DivA 2021"]
[Site "chess.com INT"]
[Date "2021.09.10"]
[Round "8.1"]
[Board "2"]
[White "Idani, Pouya"]
[Black "Makhnev, Denis"]
[Result "0-1"]
[WhiteTitle "GM"]
[BlackTitle "IM"]
[WhiteElo "2627"]
[BlackElo "2513"]
[WhiteTeam "Iran"]
[BlackTeam "Kazakhstan"]
[WhiteFideId "12510130"]
[BlackFideId "13707647"]
[EventDate "2021.09.08"]
[EventType "team"]

1. e4 c6 2. d4 d5 3. e5 Bf5 4. h4 h5 5. Bd3 Bxd3 6. Qxd3 Qa5+ 7. Nd2 e6 8. Nf3
Ne7 9. O-O Nf5 10. c4 Be7 11. b3 O-O 12. a4 Qd8 13. g3 Na6 14. c5 Nb4 15. Qc3 a5
16. Ba3 Na6 17. Rfc1 b6 18. Nf1 bxc5 19. dxc5 Rb8 20. Rab1 Nb4 21. Qd2 d4 22.
Rc4 Qd5 23. Bxb4 Qxf3 24. Bxa5 Rxb3 25. Rxb3 Qxb3 26. Rb4 Qd5 27. Bb6 Bxc5 28.
Bxc5 Qxc5 29. a5 Qxa5 30. Rxd4 Qxe5 31. Rc4 c5 32. Qg5 Qd5 33. Rc1 g6 34. Rc2
Rc8 35. Rd2 Nd4 36. Qxd5 exd5 37. Kg2 Kf8 38. Ne3 Rd8 39. Ra2 Ne6 40. Rd2 Nd4
41. Ra2 Ke7 42. Ra5 Ne6 43. Kf3 Rd7 44. Ke2 Nd4+ 45. Kd1 Kd6 46. Ra6+ Nc6 47.
Kd2 c4 48. Ra4 Kc5 49. Ra8 d4 50. Nd1 c3+ 51. Nxc3 dxc3+ 52. Kxc3 Ne5 53. Ra5+
Kd6 54. Ra2 Ke6 55. Ra4 Rd3+ 0-1

[Event "Online Olym Top DivA 2021"]
[Site "chess.com INT"]
[Date "2021.09.10"]
[Round "8.1"]
[Board "3"]
[White "Saduakassova, Dinara"]
[Black "Khademalsharieh, Sarasadat"]
[Result "0-1"]
[WhiteTitle "IM"]
[BlackTitle "IM"]
[WhiteElo "2489"]
[BlackElo "2490"]
[WhiteTeam "Kazakhstan"]
[BlackTeam "Iran"]
[WhiteFideId "13700090"]
[BlackFideId "12512214"]
[EventDate "2021.09.08"]
[EventType "team"]

1. Nf3 d5 2. g3 g6 3. Bg2 Bg7 4. d4 c6 5. O-O Nf6 6. c4 O-O 7. Qb3 Qb6 8. Nc3
Rd8 9. Bd2 Ne4 10. Rfd1 Bg4 11. Be3 Nxc3 12. bxc3 Qa6 13. Rab1 b6 14. cxd5 cxd5
15. Ne5 Be6 16. c4 Qb7 17. c5 Nc6 18. Nxc6 Qxc6 19. Rdc1 Rdb8 20. cxb6 Qxb6 21.
Rc5 Bf5 22. Rbc1 Qxb3 23. axb3 e6 24. Bf4 Rd8 25. e3 h6 26. h4 Rd7 27. Bf1 Rb7
28. Rb5 Rxb5 29. Bxb5 a6 30. Be2 a5 31. g4 g5 32. hxg5 hxg5 33. Bxg5 Bg6 34. Ra1
Bf8 35. Bf4 Bb4 36. Rc1 Kg7 37. Kg2 Ra7 38. Rc8 Rb7 39. g5 Be7 40. Be5+ f6 41.
gxf6+ Bxf6 42. Bc7 Rxb3 43. Bxa5 Be4+ 44. Kf1 Rb1+ 45. Be1 Be7 46. Rc7 Kf8 47.
f3 Bf5 48. Rc8+ Kf7 49. Rc7 Ke8 50. e4 Bh3+ 51. Kf2 Bh4+ 52. Ke3 Rxe1 53. exd5
Bf1 54. Rc2 Rxe2+ 55. Rxe2 Bxe2 56. Kxe2 exd5 57. f4 Ke7 58. Kf3 Ke6 0-1

[Event "Online Olym Top DivA 2021"]
[Site "chess.com INT"]
[Date "2021.09.10"]
[Round "8.1"]
[Board "4"]
[White "Alinasab, Mobina"]
[Black "Dauletova, Gulmira"]
[Result "1-0"]
[WhiteTitle "WIM"]
[BlackTitle "WGM"]
[WhiteElo "2309"]
[BlackElo "2257"]
[WhiteTeam "Iran"]
[BlackTeam "Kazakhstan"]
[WhiteFideId "12528897"]
[BlackFideId "13702971"]
[EventDate "2021.09.08"]
[EventType "team"]

1. e4 e5 2. Nf3 Nc6 3. Bb5 a6 4. Ba4 Nf6 5. O-O Be7 6. Re1 b5 7. Bb3 d6 8. c3
O-O 9. h3 Na5 10. Bc2 c5 11. d4 Nd7 12. d5 Qc7 13. a4 Bb7 14. Nbd2 f5 15. b4
cxb4 16. cxb4 Nc4 17. exf5 Bxd5 18. Ne4 Bf7 19. Neg5 Rac8 20. Nxh7 Kxh7 21. f6+
Kg8 22. fxe7 Rfe8 23. Ng5 Rxe7 24. Bh7+ Kf8 25. Nxf7 Rxf7 26. Bg6 Nf6 27. Bxf7
Qxf7 28. axb5 axb5 29. Bg5 Nd5 30. Qg4 Re8 31. Rab1 Kg8 32. Rb3 Nf6 33. Bxf6
Qxf6 34. Qd7 Rf8 35. Rf3 Qg6 36. Rxf8+ Kxf8 37. Qxb5 Qc2 38. Qd5 Ke7 39. Ra1 Kf6
40. Kh2 Kg6 41. b5 e4 42. Qe6+ Kh7 43. Qf5+ Kh6 44. Ra8 1-0

[Event "Online Olym Top DivA 2021"]
[Site "chess.com INT"]
[Date "2021.09.10"]
[Round "8.1"]
[Board "5"]
[White "Zhalmakhanov, Ramazan"]
[Black "Tabatabaei, M. Amin"]
[Result "0-1"]
[WhiteTitle "IM"]
[BlackTitle "GM"]
[WhiteElo "2414"]
[BlackElo "2624"]
[WhiteTeam "Kazakhstan"]
[BlackTeam "Iran"]
[WhiteFideId "13706357"]
[BlackFideId "12521213"]
[EventDate "2021.09.08"]
[EventType "team"]

1. e4 c6 2. Qe2 d5 3. d3 dxe4 4. dxe4 e5 5. Nf3 Qc7 6. g3 Nf6 7. Bg2 Bc5 8. O-O
O-O 9. Nbd2 a5 10. Nc4 Nbd7 11. a4 b5 12. axb5 cxb5 13. Ne3 b4 14. Ne1 Bb7 15.
Nf5 Rfc8 16. b3 Bf8 17. Ra2 Nc5 18. f3 Nxb3 19. cxb3 Qxc1 20. Nd3 Qc3 21. Rb2
Ba6 22. Rd1 Rd8 23. Rbd2 Qxb3 24. Qe3 Bxd3 25. Rxd3 Qxd1+ 26. Rxd1 Rxd1+ 27. Bf1
h6 28. Kg2 Rc8 29. Qb3 Rd2+ 30. Kh3 Rcc2 31. g4 Nxe4 0-1

[Event "Online Olym Top DivA 2021"]
[Site "chess.com INT"]
[Date "2021.09.10"]
[Round "8.1"]
[Board "6"]
[White "Zahedifar, Anahita"]
[Black "Kamalidenova, Meruert"]
[Result "0-1"]
[WhiteTitle "WFM"]
[BlackTitle "WIM"]
[WhiteElo "2213"]
[BlackElo "2339"]
[WhiteTeam "Iran"]
[BlackTeam "Kazakhstan"]
[WhiteFideId "12560715"]
[BlackFideId "13712802"]
[EventDate "2021.09.08"]
[EventType "team"]

1. d4 Nf6 2. c4 g6 3. Nc3 Bg7 4. e4 d6 5. f4 O-O 6. Nf3 c5 7. d5 e6 8. Be2 exd5
9. cxd5 Re8 10. e5 dxe5 11. fxe5 Ng4 12. e6 fxe6 13. Bg5 Qb6 14. Qd2 c4 15.
O-O-O Nd7 16. h3 Nge5 17. Nxe5 Nxe5 18. d6 Bd7 19. Bh6 Bh8 20. Rhf1 a5 21. Be3
Qc6 22. Bd4 a4 23. Bxe5 Bxe5 24. Bf3 Qb6 25. a3 Ra6 26. Rfe1 Bg7 27. Kb1 Qb3 28.
Qc2 Rb6 29. Qxb3 Rxb3 30. Re3 b5 31. Rde1 b4 32. axb4 Rxb4 33. Kc2 Reb8 34. Rb1
a3 35. bxa3 Rxb1 36. Nxb1 Ba4+ 37. Kd2 Rxb1 38. Rxe6 c3+ 39. Kd3 c2 40. Bd5 Rd1+
41. Ke4 Rxd5 0-1

[Event "Online Olym Top DivA 2021"]
[Site "chess.com INT"]
[Date "2021.09.10"]
[Round "8.2"]
[Board "1"]
[White "Mchedlishvili, Mikheil"]
[Black "Mastrovasilis, Dimitrios"]
[Result "1-0"]
[WhiteTitle "GM"]
[BlackTitle "GM"]
[WhiteElo "2571"]
[BlackElo "2615"]
[WhiteTeam "Georgia"]
[BlackTeam "Greece"]
[WhiteFideId "13600966"]
[BlackFideId "4202694"]
[EventDate "2021.09.08"]
[EventType "team"]

1. d4 d5 2. c4 e6 3. Nf3 Nf6 4. Nc3 c5 5. cxd5 Nxd5 6. e4 Nxc3 7. bxc3 cxd4 8.
cxd4 Bb4+ 9. Bd2 Bxd2+ 10. Qxd2 O-O 11. Bc4 Nd7 12. O-O b6 13. Rfe1 Bb7 14. Rad1
Rc8 15. Bb3 h6 16. h3 Qf6 17. d5 Nc5 18. Nd4 Rfd8 19. Re3 e5 20. Ne2 b5 21. Ng3
g6 22. Rc1 Qf4 23. Bd1 h5 24. Bf3 Na4 25. Bxh5 Rxc1+ 26. Qxc1 Rc8 27. Qd2 Nb6
28. Be2 a6 29. Qa5 Rc1+ 30. Bf1 Qf6 31. Rf3 Qd6 32. Qd2 Ra1 33. Qh6 Nc4 34. Nh5 1-0

[Event "Online Olym Top DivA 2021"]
[Site "chess.com INT"]
[Date "2021.09.10"]
[Round "8.2"]
[Board "2"]
[White "Pavlidis, Antonios"]
[Black "Petriashvili, Nikoloz"]
[Result "1-0"]
[WhiteTitle "GM"]
[BlackTitle "IM"]
[WhiteElo "2536"]
[BlackElo "2432"]
[WhiteTeam "Greece"]
[BlackTeam "Georgia"]
[WhiteFideId "4212312"]
[BlackFideId "13611216"]
[EventDate "2021.09.08"]
[EventType "team"]

1. e4 e5 2. Nf3 Nc6 3. Bc4 Bc5 4. d3 Nf6 5. c3 d6 6. Bg5 h6 7. Bh4 a6 8. a4 Be6
9. Nbd2 O-O 10. h3 Qe7 11. Qe2 b5 12. Bd5 Bd7 13. b4 Bb6 14. Bb3 Be6 15. Bd5 Bd7
16. Ba2 Be6 17. Nf1 a5 18. Bd5 Bxd5 19. exd5 Nb8 20. Ng3 Nbd7 21. Nf5 Qe8 22.
Nd2 axb4 23. cxb4 Rxa4 24. Rxa4 bxa4 25. O-O Kh7 26. Qf3 a3 27. Ne4 Nxe4 28.
dxe4 g6 29. Ne7 a2 30. Ra1 f6 31. Nc6 f5 32. Rxa2 fxe4 33. Qe2 Nb8 34. Ra8 Qf7
35. Rxb8 Rxb8 36. Nxb8 Qxd5 37. Nd7 Kg7 38. Nf6 Qd4 39. Qg4 g5 40. Nh5+ Kf7 41.
Qd7+ Kg6 42. Qe6+ Kxh5 43. g4+ Kxh4 44. Qxh6# 1-0

[Event "Online Olym Top DivA 2021"]
[Site "chess.com INT"]
[Date "2021.09.10"]
[Round "8.2"]
[Board "3"]
[White "Janiashvili, Mariami"]
[Black "Tsolakidou, Stavroula"]
[Result "0-1"]
[WhiteTitle "WFM"]
[BlackTitle "IM"]
[WhiteElo "1940"]
[BlackElo "2377"]
[WhiteTeam "Georgia"]
[BlackTeam "Greece"]
[WhiteFideId "13612077"]
[BlackFideId "4264312"]
[EventDate "2021.09.08"]
[EventType "team"]

1. d4 d5 2. c4 c6 3. Nf3 Nf6 4. e3 e6 5. Bd3 dxc4 6. Bxc4 Nbd7 7. O-O Bd6 8. Nc3
b5 9. Bb3 O-O 10. Qe2 b4 11. Na4 Qa5 12. Qc2 c5 13. Nxc5 Nxc5 14. dxc5 Qxc5 15.
Rd1 Bb7 16. Qxc5 Bxc5 17. a3 Ne4 18. Ne5 Bd6 19. Nc4 Bd5 20. Nd2 Bxb3 21. Nxb3
Rfd8 22. f3 Bxh2+ 23. Kxh2 Rxd1 24. fxe4 Rb8 25. axb4 Rxb4 26. Rxa7 h6 27. Ra3
Rxe4 28. Bd2 Rb1 29. Ra2 Rg4 30. Nd4 e5 31. Nf3 f6 32. b4 Rc4 33. Kg3 h5 34. Kf2
Kh7 35. g3 Rd1 36. Ke2 Rb1 37. Kf2 g5 38. Ra6 Kg7 39. Ra7+ Kg6 40. Ra2 h4 41.
gxh4 g4 42. Ne1 Rb3 43. Rc2 Rxc2 44. Nxc2 Rb2 45. b5 Rxc2 46. Ke1 Rb2 0-1

[Event "Online Olym Top DivA 2021"]
[Site "chess.com INT"]
[Date "2021.09.10"]
[Round "8.2"]
[Board "4"]
[White "Avramidou, Anastasia"]
[Black "Kostava, Elene"]
[Result "1-0"]
[WhiteTitle "FM"]
[WhiteElo "2225"]
[BlackElo "1769"]
[WhiteTeam "Greece"]
[BlackTeam "Georgia"]
[WhiteFideId "4239873"]
[BlackFideId "13603280"]
[EventDate "2021.09.08"]
[EventType "team"]

1. d4 d5 2. c4 e6 3. Nc3 Nf6 4. cxd5 exd5 5. Bg5 Be7 6. e3 h6 7. Bh4 O-O 8. Bd3
c6 9. Qc2 Re8 10. Nf3 Ne4 11. Bxe7 Qxe7 12. Bxe4 dxe4 13. Nd2 f5 14. O-O Be6 15.
f3 exf3 16. Nxf3 Nd7 17. Rae1 Rad8 18. Ne2 Bd5 19. Ng3 Be4 20. Nxe4 fxe4 21. Nd2
Nf6 22. Rf4 g5 23. Rf5 Rd5 24. Ref1 Rxf5 25. Rxf5 Kg7 26. Re5 Qd7 27. h3 Rxe5
28. dxe5 Nd5 29. Qxe4 Qe6 30. Nf3 Ne7 31. b3 Qg6 32. Qb4 Kf7 33. Qxb7 Qb1+ 34.
Kh2 Qxa2 35. Qb4 Qf2 36. Qe4 Qb2 37. Qh7+ Ke8 38. Qh8+ Kd7 39. e6+ Kxe6 40. Qxb2 1-0

[Event "Online Olym Top DivA 2021"]
[Site "chess.com INT"]
[Date "2021.09.10"]
[Round "8.2"]
[Board "5"]
[White "Kacharava, Nikolozi"]
[Black "Ioannidis, Evgenios"]
[Result "1-0"]
[WhiteTitle "IM"]
[BlackTitle "IM"]
[WhiteElo "2453"]
[BlackElo "2445"]
[WhiteTeam "Georgia"]
[BlackTeam "Greece"]
[WhiteFideId "13611860"]
[BlackFideId "4229274"]
[EventDate "2021.09.08"]
[EventType "team"]

1. e4 e5 2. Nf3 Nc6 3. Bc4 Nf6 4. Ng5 d5 5. exd5 Na5 6. Bb5+ c6 7. dxc6 bxc6 8.
Bd3 Nd5 9. Nf3 Bd6 10. O-O O-O 11. Re1 f5 12. Nxe5 Qf6 13. Nf3 g5 14. Rf1 Qh6
15. Be2 Nf4 16. d4 Be6 17. Nc3 Rad8 18. Qe1 Rfe8 19. Ne5 Nc4 20. Bxf4 gxf4 21.
Nxc4 f3 22. Nxd6 1-0

[Event "Online Olym Top DivA 2021"]
[Site "chess.com INT"]
[Date "2021.09.10"]
[Round "8.2"]
[Board "6"]
[White "Kiousi, Panagiota"]
[Black "Koridze, Lile"]
[Result "0-1"]
[BlackTitle "WFM"]
[WhiteElo "2007"]
[BlackElo "2016"]
[WhiteTeam "Greece"]
[BlackTeam "Georgia"]
[WhiteFideId "25803476"]
[BlackFideId "13612514"]
[EventDate "2021.09.08"]
[EventType "team"]

1. d4 Nf6 2. c4 e6 3. Nf3 d5 4. g3 Bb4+ 5. Bd2 Be7 6. Bg2 O-O 7. O-O c6 8. Qc2
b6 9. Rd1 a5 10. Bc3 Ba6 11. Nbd2 dxc4 12. Ne5 b5 13. Ne4 Qc7 14. a4 Bb7 15.
axb5 cxb5 16. Nxf6+ Bxf6 17. Bxa5 Rxa5 18. Rxa5 Bxg2 19. Rxb5 Ba8 20. Rc5 Qb7
21. Nf3 Nc6 22. Qxc4 Rd8 23. d5 Be7 24. Rb5 Qd7 25. e4 Na7 26. Ra5 exd5 27. exd5
Qb7 28. Rda1 Qxb2 29. Rxa7 Bxd5 30. Qc7 Bf6 31. Rd1 Qb3 32. Re1 h6 33. Ne5 Re8
34. Nd3 Rxe1+ 35. Nxe1 Qb1 36. Qc8+ Kh7 37. Kf1 Qe4 38. Qc2 Qxc2 39. Nxc2 Kg6
40. Ne3 Be4 41. Ra4 Bc6 42. Rg4+ Kh7 43. Rb4 Bf3 44. Nf5 Bd5 45. Nd4 Kg6 46. f4
Be7 47. Rb6+ f6 48. Ne6 Kf7 49. f5 Bc4+ 50. Kf2 g6 51. g4 gxf5 52. gxf5 Bd3 53.
Rb7 Bxf5 54. Nd4 Be4 55. Rc7 Ke8 56. Ke3 Bd5 57. Nf5 Bd8 58. Rh7 Bb6+ 59. Kf4
Ba5 60. Nd6+ Kf8 61. Kf5 Bc3 62. Rxh6 Be5 63. Ne4 Kg7 64. Rg6+ Kf7 65. Rh6 Be6# 0-1

[Event "Online Olym Top DivA 2021"]
[Site "chess.com INT"]
[Date "2021.09.10"]
[Round "8.3"]
[Board "1"]
[White "Szabo, Gergely-Andras-Gyula"]
[Black "Ding, Liren"]
[Result "0-1"]
[WhiteTitle "GM"]
[BlackTitle "GM"]
[WhiteElo "2531"]
[BlackElo "2799"]
[WhiteTeam "Romania"]
[BlackTeam "China"]
[WhiteFideId "1205064"]
[BlackFideId "8603677"]
[EventDate "2021.09.08"]
[EventType "team"]

1. e4 c5 2. c3 d5 3. exd5 Qxd5 4. d4 Nf6 5. Nf3 e6 6. Be3 cxd4 7. cxd4 Bb4+ 8.
Nc3 Qa5 9. Qc2 b6 10. Ne5 O-O 11. Be2 Ba6 12. Bf3 Nd5 13. Bd2 Rc8 14. Nxd5 Rxc2
15. Bxb4 Qxd5 16. Bxd5 exd5 17. Bd2 f6 18. Nf3 Rxb2 19. Kd1 Bd3 20. Ne1 Rb1+ 21.
Rxb1 Bxb1 22. a3 Nc6 23. Bc3 Rc8 24. Kd2 Nd8 25. Nd3 Bxd3 26. Kxd3 Rc4 27. Re1
Kf7 28. f4 g6 29. g4 Nc6 30. Re3 Ra4 31. Bb2 Na5 32. Rh3 Nc4 33. Bc1 Kg7 34. f5
g5 35. Kc2 Nd6 36. Re3 Rc4+ 37. Kb1 Ne4 38. Bb2 h5 39. gxh5 Kh6 40. Rh3 g4 41.
Rd3 Kxh5 42. Bc1 Rc3 43. Rd1 Rf3 44. Rg1 Kh4 45. Kc2 Kh3 0-1

[Event "Online Olym Top DivA 2021"]
[Site "chess.com INT"]
[Date "2021.09.10"]
[Round "8.3"]
[Board "2"]
[White "Bu, Xiangzhi"]
[Black "Miron, Lucian-Costin"]
[Result "1-0"]
[WhiteTitle "GM"]
[BlackTitle "GM"]
[WhiteElo "2705"]
[BlackElo "2512"]
[WhiteTeam "China"]
[BlackTeam "Romania"]
[WhiteFideId "8601445"]
[BlackFideId "1210920"]
[EventDate "2021.09.08"]
[EventType "team"]

1. Nf3 d5 2. d4 Nf6 3. c4 c6 4. e3 Bf5 5. Nc3 e6 6. Nh4 Be4 7. f3 Bg6 8. Bd2 a6
9. Nxg6 hxg6 10. Qc2 Nbd7 11. O-O-O dxc4 12. Bxc4 b5 13. Be2 c5 14. Kb1 cxd4 15.
exd4 Nb6 16. Bg5 Be7 17. Bxf6 Bxf6 18. d5 exd5 19. Nxd5 O-O 20. Nc7 Qc8 21. Nxa8
Qxa8 22. Rd6 Rc8 23. Qe4 Qb8 24. Rc6 Re8 25. Rxb6 1-0

[Event "Online Olym Top DivA 2021"]
[Site "chess.com INT"]
[Date "2021.09.10"]
[Round "8.3"]
[Board "3"]
[White "Peptan, Corina-Isabela"]
[Black "Ju, Wenjun"]
[Result "0-1"]
[WhiteTitle "IM"]
[BlackTitle "GM"]
[WhiteElo "2385"]
[BlackElo "2560"]
[WhiteTeam "Romania"]
[BlackTeam "China"]
[WhiteFideId "1201930"]
[BlackFideId "8603006"]
[EventDate "2021.09.08"]
[EventType "team"]

1. d4 Nf6 2. c4 e6 3. Nf3 d5 4. Nc3 Bb4 5. e3 O-O 6. Bd2 b6 7. cxd5 exd5 8. Bd3
Bb7 9. O-O Bd6 10. Rc1 c5 11. Ne5 Nc6 12. Ng4 Nb4 13. Nxf6+ Qxf6 14. Be2 cxd4
15. exd4 Qxd4 16. Nb5 Qe5 17. Nxd6 Qxd6 18. Qa4 Nc6 19. Rfd1 h6 20. Bf4 Qe6 21.
Bf3 Ne5 22. Bxe5 Qxe5 23. Qd7 Rab8 24. Bxd5 Bxd5 25. Qxd5 Qxb2 26. g3 Qf6 27.
Rc7 Rbd8 28. Rd7 Rxd7 29. Qxd7 a6 30. a4 Qf3 31. Rd3 Qe4 32. Rd4 Qe1+ 33. Kg2
Re8 34. Qc6 Qe6 35. Qb7 a5 36. Qc7 Rc8 37. Rd8+ Rxd8 38. Qxd8+ Kh7 39. Qd3+ g6
40. Qb5 Qe4+ 41. Kg1 g5 42. Qb3 Kg7 43. Qxb6 Qxa4 44. Qb2+ Kg6 45. Qb1+ Kf6 46.
Qb2+ Kf5 47. Qb1+ Qe4 48. Qb5+ Qe5 49. Qd7+ Kg6 50. Qd3+ Kg7 51. Qc4 Qa1+ 52.
Kg2 a4 53. h4 gxh4 54. Qxh4 Qd1 55. Qb4 Qd5+ 56. Kh2 Qc6 57. Qd4+ Kh7 58. Qd3+
Qg6 59. Qa3 Qh5+ 60. Kg2 Qd5+ 61. Kh2 Qb3 62. Qc5 a3 63. Qf5+ Kg7 64. Qe5+ Kg6
65. Qe4+ Kf6 66. Qd4+ Ke6 67. Qe4+ Kd6 68. Qf4+ Kc5 69. Qe5+ Kc4 70. Qe4+ Kc3
71. Qe5+ Kc2 72. Qe2+ Kb1 73. Qe1+ Kb2 74. Qd2+ Qc2 75. Qb4+ Ka2 76. Kg2 Qc6+
77. Kh2 Qd5 78. Qc3 Qh5+ 79. Kg2 Qd1 80. Qb4 Qd5+ 81. Kg1 Qd3 82. Kg2 h5 83. Kg1
Qb1+ 0-1

[Event "Online Olym Top DivA 2021"]
[Site "chess.com INT"]
[Date "2021.09.10"]
[Round "8.3"]
[Board "4"]
[White "Lei, Tingjie"]
[Black "Cosma, Elena-Luminita"]
[Result "1-0"]
[WhiteTitle "GM"]
[BlackTitle "WGM"]
[WhiteElo "2505"]
[BlackElo "2296"]
[WhiteTeam "China"]
[BlackTeam "Romania"]
[WhiteFideId "8605114"]
[BlackFideId "1201590"]
[EventDate "2021.09.08"]
[EventType "team"]

1. e4 e6 2. d4 d5 3. Nc3 Nf6 4. e5 Nfd7 5. f4 c5 6. Nf3 a6 7. Be3 Nc6 8. Ne2 b5
9. c3 b4 10. cxb4 cxd4 11. Nexd4 Bxb4+ 12. Kf2 Nxd4 13. Bxd4 a5 14. Rc1 O-O 15.
Bd3 Ba6 16. Bxa6 Rxa6 17. Qd3 Ra8 18. Rc6 Be7 19. Rhc1 Nb8 20. R6c3 Na6 21. a3
Qd7 22. Be3 Qb7 23. Rb3 Qd7 24. Rb6 Nb8 25. Qb5 Qxb5 26. Rxb5 a4 27. Rb7 Re8 28.
Rcc7 Bf8 29. Rxf7 Nc6 30. Rfc7 Na5 31. Rb5 Nc4 32. Bd4 Rab8 33. Rcb7 Rxb7 34.
Rxb7 h6 35. Ke2 Rc8 36. Kd3 Bc5 37. Bxc5 Rxc5 38. Nd4 Na5 39. Ra7 Nb3 40. Nxe6
Rc1 41. Rxg7+ Kh8 42. Re7 Rd1+ 43. Ke2 Rd2+ 44. Kf3 Rxb2 45. f5 Nd2+ 46. Kg4 Ne4
47. g3 Nf2+ 48. Kh5 Nd3 49. Nf4 Rxh2+ 50. Kg6 Nxf4+ 51. gxf4 Rg2+ 52. Kxh6 Rh2+
53. Kg6 Rg2+ 54. Kf6 d4 55. Rd7 Rg3 56. e6 1-0

[Event "Online Olym Top DivA 2021"]
[Site "chess.com INT"]
[Date "2021.09.10"]
[Round "8.3"]
[Board "5"]
[White "Gavrilescu, David"]
[Black "Wang, Shixu B"]
[Result "1-0"]
[WhiteTitle "IM"]
[WhiteElo "2477"]
[BlackElo "2471"]
[WhiteTeam "Romania"]
[BlackTeam "China"]
[WhiteFideId "1227190"]
[BlackFideId "8610665"]
[EventDate "2021.09.08"]
[EventType "team"]

1. e4 e5 2. Nf3 Nc6 3. d4 exd4 4. Nxd4 Nf6 5. Nxc6 bxc6 6. e5 Qe7 7. Qe2 Nd5 8.
c4 Ba6 9. Nd2 g6 10. Nf3 Bg7 11. Bg5 Qb4+ 12. Qd2 Qxd2+ 13. Kxd2 Nb6 14. b3 c5
15. Re1 Bb7 16. Be3 Bxf3 17. gxf3 O-O-O 18. Bxc5 Rhe8 19. f4 Bh6 20. Be3 d6 21.
Kc2 dxe5 22. fxe5 Bxe3 23. Rxe3 Rd4 24. Bh3+ Kb8 25. Rd1 Rf4 26. Rd2 c5 27. a4
a5 28. Kd1 Kc7 29. Ke2 Re7 30. Rdd3 h5 31. Rd6 Rxe5 32. Rxb6 Rxe3+ 33. fxe3 Rh4
34. Rb5 Rxh3 35. Rxc5+ Kb6 36. Rb5+ Ka6 37. c5 Rxh2+ 38. Kd3 Rf2 39. c6 Rf6 40.
Rc5 Rd6+ 41. Kc4 Rd1 42. b4 axb4 43. c7 Rc1+ 44. Kxb4 Rxc5 45. Kxc5 Kb7 46. Kd6 1-0

[Event "Online Olym Top DivA 2021"]
[Site "chess.com INT"]
[Date "2021.09.10"]
[Round "8.3"]
[Board "6"]
[White "Zhu, Jiner"]
[Black "Ciolacu, Alessia-Mihaela"]
[Result "1-0"]
[WhiteTitle "WGM"]
[BlackTitle "WFM"]
[WhiteElo "2455"]
[BlackElo "2186"]
[WhiteTeam "China"]
[BlackTeam "Romania"]
[WhiteFideId "8608059"]
[BlackFideId "1252640"]
[EventDate "2021.09.08"]
[EventType "team"]

1. e4 e5 2. Nf3 Nc6 3. Bb5 a6 4. Ba4 Nf6 5. O-O Be7 6. Re1 b5 7. Bb3 d6 8. c3
O-O 9. h3 Nb8 10. d4 Nbd7 11. Nbd2 Bb7 12. Bc2 Re8 13. Nf1 Bf8 14. Ng3 g6 15. a4
Nb6 16. a5 Nbd7 17. b4 c5 18. bxc5 dxc5 19. d5 c4 20. Be3 Nc5 21. Nh2 h5 22. Qf3
Rc8 23. Ngf1 Nh7 24. Nd2 Qh4 25. Qe2 Qe7 26. Nhf3 Nb3 27. Bxb3 cxb3 28. Qd3 Qc7
29. Nxb3 Qxc3 30. Qd1 Rc4 31. Nfd2 Ra4 32. Rc1 Qd3 33. Rc7 Bc8 34. Qf3 f6 35.
Rec1 Rc4 36. Nxc4 bxc4 37. R1xc4 Qxb3 38. Rxc8 Rxc8 39. Rxc8 Qb1+ 40. Kh2 Qb4
41. Bb6 Qd6 42. Qc3 f5 43. Bc5 Qf6 44. Bxf8 Nxf8 45. Qc6 Qf7 46. Qe6 fxe4 47.
Qxf7+ Kxf7 48. Rc6 Nd7 49. Rxa6 Ke7 50. Ra7 Kd6 51. Rxd7+ Kxd7 52. a6 Kc7 53.
d6+ 1-0